Direito de energia & r̀eas afins Volume I

Detalles Bibliográficos
Autor principal: de Sousa Soares, Cristiana Nepomuceno
Otros Autores: Toscano, Renata
Formato: eBook
Lenguaje:portugués
Publicado: Rio de Janeiro: Synergia Editora, 2015
Materias:
Acceso en línea:Acceso restringido

MARC

LEADER 00000nam a22000007a 4500
005 20190816231718.0
007 cr|||| ||||
008 190816s2015 br |||||s|||| 00||0 por d
020 |a 978-85-68483-04-6 
035 |a 24099 
040 |a vLex 
090 |c 9220  |d 9220 
100 1 |a de Sousa Soares, Cristiana Nepomuceno 
245 1 0 |a Direito de energia & r̀eas afins  |h [Recurso electrn̤ico] /  |c Cristiana Nepomuceno de Sousa Soares, Renata Toscano  |n Volume I 
256 |a Servicio en ln̕ea 
260 |a Rio de Janeiro:  |b Synergia Editora,  |c 2015 
300 |a 1 recurso electrn̤ico 
500 |a A presente obra ren︢e interessantes temas relacionados ao Direito da Energia Elťrica e sua interlocuȯ̂ com outros ramos do direito, como Direito Regulatr̤io, Tributr̀io e Ambiental, dentre outros, sendo de grande utilidade para estudantes e profissionais de diversas r̀eas, como advogados, engenheiros, economistas, contadores e administradores. O leitor ̌brindado com a abordagem de temas atuais que demandam muitas reflexe̳s, como a liberaȯ̂ de r̀eas para implantaȯ̂ de redes elťricas, a regulaȯ̂ de atos de outorgas de PCHs, o projeto regulatr̤io, financeiro e ambiental para implantaȯ̂ de PCHs e CGHs, a declaraȯ̂ de utilidade pb︢lica em empreendimentos de energia elťrica, a constitucionalidade da dispensa da reserva legal para empreendimentos relacionados ao serviȯ pb︢lico de energia elťrica, a prorrogaȯ̂ dos prazos de concesse̳s do serviȯ pb︢lico de energia elťrica, a conciliaȯ̂ pr-̌processual na relaȯ̂ de consumo, o compartilhamento de infraestrutura de energia elťrica, o licenciamento e compensaė̳s ambientais no setor elťrico, a substituiȯ̂ tributr̀ia lateral e a hipt̤ese de incidn̊cia de ICMS sobre demanda de potn̊cia contratada. Os assuntos tratados sô complexos, r̀idos. Porm̌, o esmero e a experin̊cia dos autores, em textos bem fundamentados, contribuem para o esclarecimento de pontos polm̊icos e atuais do setor elťrico. Os autores apresentam, ainda, propostas para o enfrentamento de diversas queste̳s do Direito da Energia, alm̌ de estabelecer diretrizes para a consolidaȯ̂ de opinie̳s no meio jurd̕ico-regulatr̤io desse ramo do direito carente de publicaė̳s dessa natureza. 
506 1 |a Disponible solo en los productos indicados  |d vLex Global  |d vLex Global (Academic Edition, excluding Law Schools)  |d vLex Global (U.S. Academic Edition, Law Schools)  |d vLex Global (U.S. Academic Edition, excluding Law Schools)  |d vLex Global (Academic Edition, Law Schools) 
650 0 4 |a Energa̕  |z Brasil 
700 1 |a Toscano, Renata 
740 0 |a vLex Libros (Servicio en ln̕ea) 
856 4 0 |u http://vlex.com/source/direito-de-energia-areas-afins-volume-i-24099  |z Acceso restringido 
942 |c BOOK 
999 0 |a Energy